000 00341nam a2200133Ia 4500
008 211109s9999||||xx |||||||||||||| ||und||
082 _a821
_bWOR-P
100 _aWorth, Words
245 0 _aPrelude
260 _bEdward Arnold
_aLondon
_c1978
630 _xGeneral stack
650 _aEnglish Literature
_vEnglish PoetryEnglish
942 _cBOOK
999 _c79977
_d79977